| Tag |
First Indicator |
Second Indicator |
Subfields |
| LEADER |
00000cam a2200000Ka 4500 |
| 001 |
in00004602221 |
| 006 |
m o d |
| 007 |
cr cn||||||||| |
| 008 |
130927s2013 maua ob 001 0 eng d |
| 005 |
20221121162618.8 |
| 035 |
|
|
|a (MaCbMITP)9388
|
| 040 |
|
|
|a OCoLC-P
|b eng
|e pn
|c OCoLC-P
|
| 020 |
|
|
|a 9780262305860
|q (electronic bk.)
|
| 020 |
|
|
|a 0262305860
|q (electronic bk.)
|
| 020 |
|
|
|a 9781283953191
|
| 020 |
|
|
|a 1283953196
|
| 020 |
|
|
|z 9780262018234
|q (hbk. ;
|q alk. paper)
|
| 020 |
|
|
|z 0262018233
|q (hbk. ;
|q alk. paper)
|
| 035 |
|
|
|a (OCoLC)889234934
|z (OCoLC)820123219
|z (OCoLC)824729269
|z (OCoLC)961573300
|z (OCoLC)962711575
|z (OCoLC)988460965
|z (OCoLC)991967441
|z (OCoLC)1037912589
|z (OCoLC)1038682092
|z (OCoLC)1045483311
|z (OCoLC)1055378779
|z (OCoLC)1058139819
|z (OCoLC)1058400506
|z (OCoLC)1066573274
|z (OCoLC)1081224471
|
| 035 |
|
|
|a (OCoLC-P)889234934
|
| 050 |
|
4 |
|a HC427.95
|b .E954 2013eb
|
| 072 |
|
7 |
|a BUS
|x 069020
|2 bisacsh
|
| 072 |
|
7 |
|a BUS
|x 035000
|2 bisacsh
|
| 082 |
0 |
4 |
|a 337.51
|2 23
|
| 245 |
0 |
4 |
|a The evolving role of China in the global economy /
|c [edited by] Yin-Wong Cheung, Jakob de Haan.
|
| 260 |
|
|
|a Cambridge, Mass. :
|b MIT Press,
|c ©2013.
|
| 300 |
|
|
|a 1 online resource (xiv, 457 pages) :
|b illustrations.
|
| 336 |
|
|
|a text
|b txt
|2 rdacontent
|
| 337 |
|
|
|a computer
|b c
|2 rdamedia
|
| 338 |
|
|
|a online resource
|b cr
|2 rdacarrier
|
| 490 |
1 |
|
|a CESifo seminar series
|
| 500 |
|
|
|a Title from title screen.
|
| 520 |
|
|
|a Experts analyze four factors in China's economic growth: exchange rate policy, savings and investments, monetary policy, and foreign direct investments. China is now the world's second largest economy and may soon overtake the United States as the world's largest. Despite its adoption of some free-market principles, China considers itself a "socialist-market economy," suggesting that the government still plays a major role in the country's economic development. This book offers a systematic analysis of four factors in China's rapid economic growth: exchange rate policy, savings and investment, monetary policy and capital controls, and foreign direct investment (FDI). Contributors offer fresh perspectives on the undervaluation of the renminbi, the dollar peg, and China's macroeconomic relationships with the rest of the world. They review factors shaping China's saving dynamics and analyze the growth of the private sector despite limited access to external finance. They examine the monetary policy independence of the People's Bank of China, offshore markets for China's currency, and the effectiveness of China's capital controls. Finally, they consider Chinese FDI in terms of China's growing demand for energy and raw materials, exploring the factors that drive China's FDI in the conventional oil-producing countries and in Africa.
|
| 588 |
|
|
|a OCLC-licensed vendor bibliographic record.
|
| 650 |
|
0 |
|a Finance
|z China.
|
| 651 |
|
0 |
|a China
|x Economic policy.
|
| 651 |
|
0 |
|a China
|x Foreign economic relations.
|
| 653 |
|
|
|a ECONOMICS/Trade & Development
|
| 653 |
|
|
|a ECONOMICS/International Economics
|
| 655 |
|
7 |
|a Electronic books.
|2 local
|
| 700 |
1 |
|
|a Cheung, Yin-Wong,
|e editor
|4 edt
|
| 700 |
1 |
|
|a Haan, Jakob de,
|e editor
|4 edt
|
| 856 |
4 |
0 |
|u http://proxy.library.tamu.edu/login?url=https://doi.org/10.7551/mitpress/9388.001.0001?locatt=mode:legacy
|z Connect to the full text of this electronic book
|t 0
|
| 955 |
|
|
|a MIT D2O ebooks
|
| 999 |
f |
f |
|s 6fcb3f7b-1815-4341-9310-028b344cd021
|i acc3061d-0e1d-4259-9cb3-44d1c174cf35
|t 0
|
| 952 |
f |
f |
|a Texas A&M University
|b College Station
|c Electronic Resources
|d Available Online
|t 0
|e HC427.95 .E954 2013eb
|h Library of Congress classification
|
| 998 |
f |
f |
|a HC427.95 .E954 2013eb
|t 0
|l Available Online
|